|
|
|
|
| LEADER |
00000nam a22000007a 4500 |
| 005 |
20120323141522.0 |
| 007 |
cr|||| |||| |
| 008 |
120323s2011 co |||||s|||| 001 0 spa d |
| 020 |
|
|
|a 978-958-648-741-2
|
| 035 |
|
|
|a 6225
|
| 040 |
|
|
|a vLex
|
| 090 |
|
|
|c 3080
|d 3080
|
| 100 |
1 |
|
|a Ortega Cr̀denas, Alfonso
|
| 245 |
1 |
0 |
|a Economa̕ colombiana
|h [Recurso electrn̤ico] /
|c Alfonso Ortega Cr̀denas
|
| 256 |
|
|
|a Servicio en ln̕ea
|
| 260 |
|
|
|a Bogot ̀:
|b Ecoe ediciones,
|c 2011
|
| 300 |
|
|
|a 1 recurso electrn̤ico
|
| 490 |
0 |
|
|a Ciencias Administrativas
|
| 500 |
|
|
|a Presenta las bases y conceptos histr̤icos fundamentales que dieron origen a este tema primordial en la organizacin̤ de una nacin̤, as ̕como su evolucin̤ en Colombia. Trata sobre la historia de la evolucin̤ del pensamiento econm̤ico, indicadores de la economa̕, organizacin̤ bancaria, mercado internacional, apertura, globalizacin̤ y privatizacin̤.
|
| 506 |
1 |
|
|a Contenido solo disponible en los productos indicados
|d vLex Global
|d vLex Global (Academic Edition, excluding Law Schools)
|d vLex Global (U.S. Academic Edition, Law Schools)
|d vLex Global (U.S. Academic Edition, excluding Law Schools)
|d vLex Global (Academic Edition, Law Schools)
|
| 650 |
0 |
4 |
|a Economa̕
|z Colombia
|
| 740 |
0 |
|
|a vLex Libros (Servicio en ln̕ea)
|
| 856 |
4 |
0 |
|u http://vlex.com/source/economia-colombiana-6225
|z Acceso restringido
|
| 942 |
|
|
|c BOOK
|
| 999 |
0 |
|
|a Economics
|